00900nam a2200217 4500001000700000003000900007007000300016008004100019100002800060245017700088260003500265300003000300490003400330700005100364700002700415700003700442830004200479852002100521999001900542952012100561117500ES-MaACLt|070214s1986 sp r ||||1| spa d1 aPanofsky, Erwin.98881110aArquitectura gótica y pensmaiento escolástico / cErwin Panofsky ; presentación de Francisco Calvo Serraller ; traducción de Julia Varela y Fernando Alvarez-Uría. aMadrid : bLa Piqueta, c1986. a140 p. : bil. ; c20 cm.1 aGenealogía del poder ; v12 aCalvo Serraller, Francisco,d1948-201892350311 aVarela, Julia.91131401 aAlvarez-Uría, Fernando91794080 aGenealogía del poder ; v129179409 aES-MaACLjL-9975 c117500d117500 00104070aATENEOMbATENEOMcDEPO2d2008-01-17eSCl0oL-9975p1122501r2023-02-23 00:00:00w2023-02-23yMONOGRAFIA